000 00458nam a22001697a 4500
005 20160622105108.0
008 160622b xxu||||| |||| 00| 0 eng d
020 _a81-219-0883-3
041 _aeng
082 _b9125
100 _aDara, Dr S.S and Mishra Dr. D.D.
_92454
245 _aA Text Book of Environmental Chemistry and Pollution Control
260 _a New Delhi
_bSultan Chand & Sons,
300 _a499
650 _aManagement
_9241
942 _cBK
999 _c3487
_d3486